Sports Quiz

Random Sports or Canada Quiz

CFL Teams Quiz Stats

 Plays Quiz Updated Aug 6, 2019

Score 0/9 Timer 02:00
1 Play Today
Division Team % Correct
EastToronto Argonauts
86.9%
WestSaskatchewan Roughriders
82%
WestEdmonton Eskimos
75.5%
EastMontreal Alouettes
73.8%
WestBC Lions
72.3%
WestCalgary Stampeders
70.2%
EastHamilton Tiger-Cats
68.4%
WestWinnipeg Blue Bombers
64.9%
EastOttawa Redblacks
59.3%

You're not logged in!

Compare scores with friends on all Sporcle quizzes.
OR
Log In

Sporcle TV

Today on Sporcle TV


Watch our educational content, quiz creation guides, and fun videos on Sporcle TV.

Show Comments

Extras

Top Quizzes Today


Score Distribution

Your Account Isn't Verified!

In order to create a playlist on Sporcle, you need to verify the email address you used during registration. Go to your Sporcle Settings to finish the process.

Report this User

Report this user for behavior that violates our Community Guidelines.

Details: